Študentská súťaž Les Grands Ateliers, Chimilin, Francúzsko
Na minha lista:
| Autor principal: | |
|---|---|
| Outros Autores: | |
| Formato: | Manuscrito Livro |
| Idioma: | eslovaco |
| Publicado em: |
2025
|
| Assuntos: | |
| Acesso em linha: | http://is.stuba.sk/zp/portal_zp.pl?podrobnosti=185740 CRZP |
| Tags: |
Sem tags, seja o primeiro a adicionar uma tag!
|
MARC
| LEADER | 00000ntm a22000003a 4500 | ||
|---|---|---|---|
| 001 | stuzp105523 | ||
| 003 | SK-STU | ||
| 005 | 20250729144534.4 | ||
| 007 | ta | ||
| 008 | 150427s2015----xo-----f-mn---000-0-slo-d | ||
| 040 | |a STU |b slo | ||
| 041 | 0 | |a slo | |
| 100 | 1 | |a Paľa, Jozef |u 010310 |4 aut |U SvF Stavebná fakulta |T SvF Katedra architektúry |X 103941 |U V181|V310 |Y 19 |7 103941 | |
| 242 | 0 | 1 | |a Student competition Les Grands Ateliers, Chimilin, Francúzsko |y eng |
| 245 | 1 | 0 | |a Študentská súťaž Les Grands Ateliers, Chimilin, Francúzsko |
| 260 | |c 2025 | ||
| 650 | 4 | |a France |2 eng | |
| 650 | 4 | |a community center |2 eng | |
| 650 | 4 | |a renovation |2 eng | |
| 650 | 4 | |a architecture |2 eng | |
| 650 | 4 | |a work |2 eng | |
| 650 | 4 | |a housing |2 eng | |
| 650 | 4 | |a Francúzsko |2 slo | |
| 650 | 4 | |a práca |2 slo | |
| 650 | 4 | |a bývanie |2 slo | |
| 650 | 4 | |a komunitné centrum |2 slo | |
| 650 | 4 | |a rekonštrukcia |2 slo | |
| 650 | 4 | |a architektúra |2 slo | |
| 700 | 1 | |a Hermann, Juraj |u 010310 |k Z8 |4 ths |U SvF Stavebná fakulta |T SvF Katedra architektúry |X 95063 |U V181|V310 |Y 19 |7 95063 | |
| 856 | 4 | |u http://is.stuba.sk/zp/portal_zp.pl?podrobnosti=185740 | |
| 856 | 4 | |u https://opac.crzp.sk/?fn=detailBiblioForm&sid=809C367C54749DCAA142A8FF7E5A |z CRZP | |